000 00289nam a22001337a 4500
008 181011b xxu||||| |||| 00| 0 eng d
020 _a9780324650495
041 _aeng
080 _a341
100 _a13
101 _aSHJ
245 _aLegal Environment
_cSamuelson, B
942 _2udc
_cBK
999 _c49397
_d49397